|
|
|
|
| LEADER |
01750nam a22004213i 4500 |
| 001 |
EBC7245689 |
| 003 |
MiAaPQ |
| 005 |
20231204023229.0 |
| 006 |
m o d | |
| 007 |
cr cnu|||||||| |
| 008 |
231204s2019 xx o ||||0 eng d |
| 020 |
|
|
|a 9781000398229
|q (electronic bk.)
|
| 020 |
|
|
|z 9780367336042
|
| 035 |
|
|
|a (MiAaPQ)EBC7245689
|
| 035 |
|
|
|a (Au-PeEL)EBL7245689
|
| 035 |
|
|
|a (OCoLC)1378933284
|
| 040 |
|
|
|a MiAaPQ
|b eng
|e rda
|e pn
|c MiAaPQ
|d MiAaPQ
|
| 100 |
1 |
|
|a Mueller, Christoph.
|
| 245 |
1 |
0 |
|a Mining Goes Digital :
|b Proceedings of the 39th International Symposium 'Application of Computers and Operations Research in the Mineral Industry' (APCOM 2019), June 4-6, 2019, Wroclaw, Poland.
|
| 250 |
|
|
|a 1st ed.
|
| 264 |
|
1 |
|a Milton :
|b Taylor & Francis Group,
|c 2019.
|
| 264 |
|
4 |
|c Ã2019.
|
| 300 |
|
|
|a 1 online resource (780 pages)
|
| 336 |
|
|
|a text
|b txt
|2 rdacontent
|
| 337 |
|
|
|a computer
|b c
|2 rdamedia
|
| 338 |
|
|
|a online resource
|b cr
|2 rdacarrier
|
| 588 |
|
|
|a Description based on publisher supplied metadata and other sources.
|
| 590 |
|
|
|a Electronic reproduction. Ann Arbor, Michigan : ProQuest Ebook Central, 2023. Available via World Wide Web. Access may be limited to ProQuest Ebook Central affiliated libraries.
|
| 655 |
|
4 |
|a Electronic books.
|
| 700 |
1 |
|
|a Assibey-Bonsu, Winfred.
|
| 700 |
1 |
|
|a Baafi, Ernest.
|
| 700 |
1 |
|
|a Dauber, Christoph.
|
| 700 |
1 |
|
|a Doran, Chris.
|
| 700 |
1 |
|
|a Jaszczuk, Marek Jerzy.
|
| 700 |
1 |
|
|a Nagovitsyn, Oleg.
|
| 776 |
0 |
8 |
|i Print version:
|a Mueller, Christoph
|t Mining Goes Digital
|d Milton : Taylor & Francis Group,c2019
|z 9780367336042
|
| 797 |
2 |
|
|a ProQuest (Firm)
|
| 856 |
4 |
0 |
|u https://ebookcentral.proquest.com/lib/matrademy/detail.action?docID=7245689
|z Click to View
|